|
|
|
|
| LEADER |
00000nam a22000003a 4500 |
| 001 |
stu244268 |
| 005 |
20150617230154.6 |
| 008 |
120308s2011----xr------------------cze-d |
| 020 |
|
|
|a 978-80-7204-750-5
|
| 040 |
|
|
|a STU
|b slo
|
| 041 |
0 |
|
|a cze
|
| 044 |
|
|
|a xr
|
| 080 |
|
|
|a 621.001.6
|
| 100 |
1 |
|
|a Svoboda, Pavel
|4 aut
|
| 245 |
1 |
|
|a Základy konstruování
|
| 250 |
|
|
|a 4. vyd
|
| 260 |
|
|
|a Brno :
|b CERM,
|c 2011
|
| 300 |
|
|
|a 234 s
|
| 650 |
|
7 |
|a konštruovanie-základy
|2 stusub
|
| 700 |
1 |
|
|a a kol.
|4 aut
|
| 856 |
4 |
|
|a https://sweb.mtf.stuba.sk/obsahy/zaklady_konstruovani_11
|u https://sweb.mtf.stuba.sk/obsahy/zaklady_konstruovani_11
|3 OBSAH
|
| 996 |
|
|
|b 284M080833
|c M*13164-2
|l MMST
|s A
|a 24
|w stu244268_0001
|
| 996 |
|
|
|b 284M080832
|c M*13164-1
|l MMST
|s A
|a 24
|w stu244268_0002
|